[Event "XLI Rilton Cup 2011-12"]
[Site "Stockholm SWE"]
[Date "2012.01.05"]
[Round "9"]
[White "Lokander, Martin"]
[Black "Agrest, Inna"]
[Result "1/2-1/2"]
[BlackTitle "WIM"]
[WhiteElo "2151"]
[BlackElo "2189"]
[WhiteFideId "1709569"]
[BlackFideId "1708830"]
[EventDate "2011.12.27"]

1. e4 e5 2. Nf3 Nc6 3. Bc4 Nf6 4. d3 h6 5. O-O d6 6. c3 g6 7. d4 Qe7 8. Nbd2 Bg7
9. Re1 O-O 10. h3 Bd7 11. Nf1 Rae8 12. Ng3 Qd8 13. Bb3 Nh7 14. Be3 Qe7 15. Qd2
h5 16. Ng5 h4 17. Nf1 Na5 18. Nh2 Nxb3 19. axb3 a6 20. dxe5 dxe5 21. Nxh7 Kxh7
22. b4 b6 23. Rxa6 Rd8 24. Qc1 Be6 25. Nf3 Bc4 26. Ra7 Rd7 27. Bg5 f6 28. Be3
Rfd8 29. Nd2 Be6 30. Kh2 Rd3 31. Qc2 R8d7 32. Nf3 R3d6 33. b3 g5 34. Raa1 Qd8
35. Nd2 g4 36. Nc4 Rd3 37. hxg4 Bxg4 38. f3 Be6 39. Bd4 exd4 40. Qxd3 dxc3 41.
Qxc3 Bh6 42. e5 f5 43. Qc2 Bf4+ 44. Kg1 Qg5 45. Rad1 Rg7 46. Rd4 h3 47. g4 Qh4
48. Rf1 Qg3+ 49. Kh1 b5 50. Na5 Bxe5 51. Nc6 Bxd4 52. Nxd4 Rxg4 53. Rd1 Rg6 54.
Rc1 c6 55. Qh2 f4 56. Rg1 Qxg1+ 57. Qxg1 Rxg1+ 58. Kxg1 Bd5 59. Kh2 Kg6 60. Kxh3
Kg5 61. Kg2 Kf6 62. Kf2 Ke5 63. Ne2 Bxb3 64. Ke1 Bd5 65. Ng1 Kd4 66. Ke2 Kc4 67.
Nh3 Kxb4 68. Nxf4 Kc4 69. Ke3 b4 70. Nd3 Kc3 71. f4 b3 72. f5 Kc2 73. Nb4+ Kc1
74. Kd4 Bf7 75. Kc3 Kb1 76. f6 c5 77. Nd3 Ka1 78. Nb2 Ka2 79. Nd3 c4 80. Nb2 Ka1
81. Na4 Kb1 82. Nb2 Kc1 83. Na4 Kd1 84. Kb2 Kd2 85. Nc3 Kd3 86. Nd1 Kd4 87. Nc3
Ke5 88. Nd1 Kxf6 89. Nc3 Ke5 90. Nd1 Kd4 91. Nc3 Kd3 92. Na4 Kd4 93. Nc3 Kc5 94.
Na4+ Kb4 95. Nc3 Bg6 96. Nd5+ Kc5 97. Nc3 Bd3 98. Na4+ Kb4 99. Nc3 Bf1 100. Nd5+
Kc5 101. Nc3 Bg2 102. Na4+ Kb4 103. Nc3 Bf3 104. Nb1 Bc6 105. Nc3 Kc5 106. Nd1
Kd4 107. Nc3 Be8 108. Nd1 Kd3 109. Nc3 Bc6 110. Nd1 Ke2 111. Nc3+ Kd2 112. Nb1+
Kd3 1/2-1/2

[Event "XLI Rilton Cup 2011-12"]
[Site "Stockholm SWE"]
[Date "2012.01.05"]
[Round "9"]
[White "Cederstam-Barsk, Carl"]
[Black "Arjun, Bharat"]
[Result "1-0"]
[BlackTitle "CM"]
[WhiteElo "2129"]
[BlackElo "2178"]
[WhiteFideId "1713329"]
[BlackFideId "5032725"]
[EventDate "2011.12.27"]

1. e4 c5 2. Nf3 d6 3. d4 cxd4 4. Nxd4 Nf6 5. Nc3 g6 6. Be3 Bg7 7. f3 O-O 8. Qd2
Nc6 9. Bc4 Bd7 10. O-O-O Rb8 11. Bb3 Na5 12. Bh6 b5 13. Bxg7 Kxg7 14. Nd5 Nc4
15. Bxc4 bxc4 16. Nxf6 exf6 17. Qc3 Qc7 18. g4 Qc5 19. h4 Rb6 20. g5 Rfb8 21.
gxf6+ Kg8 22. Rd2 a5 23. h5 Qg5 24. hxg6 hxg6 25. b3 cxb3 26. axb3 a4 27. Kd1
Qxf6 28. Rdh2 Kf8 29. Nf5 1-0

[Event "XLI Rilton Cup 2011-12"]
[Site "Stockholm SWE"]
[Date "2012.01.05"]
[Round "9"]
[White "Cramling, Dan"]
[Black "Martynov, Pavel2"]
[Result "0-1"]
[WhiteTitle "IM"]
[WhiteElo "2392"]
[BlackElo "2211"]
[WhiteFideId "1700162"]
[BlackFideId "4122186"]
[EventDate "2011.12.27"]

1. d4 Nf6 2. c4 e6 3. Nc3 Bb4 4. e3 c5 5. Bd3 Nc6 6. Ne2 cxd4 7. exd4 d5 8. cxd5
Nxd5 9. a3 Bd6 10. Ne4 Be7 11. O-O O-O 12. Bc2 Re8 13. Qd3 g6 14. Bh6 b6 15. b4
Bb7 16. Bb3 Rc8 17. Rfd1 Rc7 18. Rac1 Rd7 19. Ba4 Qa8 20. Bg5 Bf8 21. Qh3 Bg7
22. Qh4 a6 23. N2c3 Nxc3 24. Rxc3 Rxd4 25. Nf6+ Bxf6 26. Qxh7+ Kxh7 27. Bxf6 Rh4
28. Bxh4 Kg7 29. Rf3 Ne7 30. Bf6+ Kf8 31. Rh3 Rc8 32. f3 Bd5 33. Rh8+ Ng8 34.
Bd7 Rc4 35. Rd3 Qb8 36. g3 Qc7 37. Ba4 Rc1+ 38. Kg2 Qc4 0-1

[Event "XLI Rilton Cup 2011-12"]
[Site "Stockholm SWE"]
[Date "2012.01.05"]
[Round "9"]
[White "Bergstrom, Rolf"]
[Black "Rydstrom, Tom"]
[Result "1-0"]
[WhiteTitle "FM"]
[WhiteElo "2301"]
[BlackElo "1939"]
[WhiteFideId "1702386"]
[BlackFideId "1714830"]
[EventDate "2011.12.27"]

1. e4 e5 2. Nc3 Nf6 3. Nf3 Nc6 4. Bb5 Bb4 5. O-O O-O 6. d3 d6 7. Ne2 h6 8. c3
Bc5 9. Ng3 a6 10. Bxc6 bxc6 11. d4 exd4 12. cxd4 Bb6 13. h3 Re8 14. Re1 d5 15.
e5 Nd7 16. Nh5 c5 17. Qd2 cxd4 18. Nxg7 Kxg7 19. Qxh6+ Kg8 20. Bg5 Re6 21. Qxe6
fxe6 22. Bxd8 Bb7 23. Bg5 c5 24. Bd2 Rc8 25. Ng5 Rc6 26. Rad1 c4 27. Bb4 a5 28.
Bd6 c3 29. bxc3 dxc3 30. Rd3 Ba6 31. Rg3 Kh8 32. Nf7+ Kh7 33. Ng5+ Kh8 34. Nxe6
c2 35. Rc1 d4 36. Nf4 a4 37. Nd3 Ba5 38. Bb4 Bxd3 39. Bxa5 Bh7 40. f4 Nc5 41.
Rf3 Be4 42. Rff1 d3 43. f5 Bxf5 44. Rxf5 Nb3 45. axb3 axb3 46. Rff1 b2 47. e6
bxc1=Q 48. Rxc1 Rxe6 49. Kf2 Re2+ 50. Kf3 Kg7 51. h4 Kg6 52. g4 Kf6 53. Bc3+ Kg6
54. Ra1 Re6 55. h5+ Kh7 56. g5 Re8 57. g6+ Kh6 58. Rh1 Re7 59. Bd2+ Kg7 60. Rg1
Re8 1-0

[Event "XLI Rilton Cup 2011-12"]
[Site "Stockholm SWE"]
[Date "2012.01.05"]
[Round "9"]
[White "Jonsson, Emil"]
[Black "Henriksson, Johan"]
[Result "1/2-1/2"]
[WhiteElo "2066"]
[BlackElo "2295"]
[WhiteFideId "1712268"]
[BlackFideId "1703560"]
[EventDate "2011.12.27"]

1. e4 c6 2. d4 d5 3. exd5 cxd5 4. Bd3 Nf6 5. c3 Nc6 6. Bf4 g6 7. Nd2 Bf5 8. Bxf5
gxf5 9. Ngf3 e6 10. Ne5 Nxe5 11. Bxe5 Bg7 12. Qa4+ Qd7 13. Qxd7+ Kxd7 14. Nb3
Rhg8 15. Nc5+ Kc6 16. f3 Nd7 17. Nxd7 Kxd7 18. Bxg7 Rxg7 19. g3 Rag8 20. f4 Kd6
21. Kf2 Rc8 22. Rhe1 Rc6 23. Re2 Rg8 24. Kf3 b5 25. a3 Rb8 26. Ke3 h5 27. Kd3
Rcc8 28. Kd2 Rg8 29. Ke3 a5 30. Kf3 Rgc8 31. Ke3 b4 32. axb4 axb4 33. Kd3 bxc3
34. bxc3 Ke7 35. Ra7+ Kf6 36. Ra1 Rb3 37. Rc1 Rcb8 38. h4 Rb1 39. Rxb1 Rxb1 40.
Kc2 Rg1 41. Re3 Ke7 42. Kb3 Kd6 43. Kb4 Kc6 44. Ka5 Rb1 45. Re2 Kb7 46. Re3 Rb2
47. Re1 Kc6 48. Re3 Kd6 49. Re1 Rb8 50. Re3 f6 51. Re2 Rg8 52. Re3 Re8 53. Kb5
e5 54. fxe5+ fxe5 55. dxe5+ Rxe5 56. Rf3 Ke6 57. Kc5 Re4 58. Kb6 Rc4 59. Re3+
Kd6 60. Rf3 Ke5 61. Kb5 Re4 62. Kc5 Rc4+ 63. Kb5 Rc8 64. Rd3 Kd6 65. Rf3 Rb8+
66. Ka4 Kc5 67. Rf4 Rg8 68. Kb3 Rxg3 69. Rxf5 Kd6 70. Rxh5 1/2-1/2

[Event "XLI Rilton Cup 2011-12"]
[Site "Stockholm SWE"]
[Date "2012.01.05"]
[Round "9"]
[White "Johansson, Gunnar"]
[Black "Kwapinski, Leszek"]
[Result "1-0"]
[WhiteElo "2238"]
[BlackElo "2051"]
[WhiteFideId "1703501"]
[BlackFideId "1409883"]
[EventDate "2011.12.27"]

1. d4 Nf6 2. c4 g6 3. Nc3 d5 4. cxd5 Nxd5 5. g3 Bg7 6. Bg2 c6 7. Nf3 O-O 8. O-O
b6 9. Re1 Bb7 10. e4 Nxc3 11. bxc3 c5 12. Bb2 cxd4 13. cxd4 Nc6 14. Rb1 Na5 15.
d5 Bxb2 16. Rxb2 Rc8 17. Qd2 e6 18. Qh6 Qf6 19. Ng5 Qg7 20. Qxg7+ Kxg7 21. dxe6
f6 22. Nf3 Rc4 23. Rd2 Rxe4 24. Rd7+ Kg8 25. Rxe4 Bxe4 26. Rxa7 Nc6 27. Ra6 Rb8
28. Nd2 Bxg2 29. Kxg2 Nd4 30. Ne4 Nxe6 31. Nxf6+ Kg7 32. Nd7 Rb7 33. Rxb6 Rxd7
34. Rxe6 Ra7 35. Re2 Ra3 36. Re7+ Kh6 37. h4 Rxa2 38. g4 Ra5 39. g5+ Kh5 40. Kg3
h6 41. Rh7 1-0

[Event "XLI Rilton Cup 2011-12"]
[Site "Stockholm SWE"]
[Date "2012.01.05"]
[Round "9"]
[White "Ask, Josef"]
[Black "Luukkonen, Tommi"]
[Result "0-1"]
[BlackTitle "FM"]
[WhiteElo "2207"]
[BlackElo "2252"]
[WhiteFideId "1704583"]
[BlackFideId "501808"]
[EventDate "2011.12.27"]

1. d4 Nf6 2. Nf3 e6 3. c4 c5 4. d5 b5 5. Bg5 b4 6. e4 d6 7. Nbd2 Be7 8. Bd3 a5
9. h3 Nxd5 10. cxd5 Bxg5 11. dxe6 Bxe6 12. Bb5+ Nd7 13. O-O Bf4 14. g3 Bh6 15.
Nc4 O-O 16. Qxd6 Qf6 17. Bxd7 Bxc4 18. Qxf6 gxf6 19. Rfe1 Be6 20. Red1 Rfd8 21.
Bxe6 fxe6 22. Kf1 c4 23. Nd4 Rd6 24. Nb5 Rxd1+ 25. Rxd1 e5 26. Ke2 Rb8 27. Rd5
Bc1 28. b3 c3 29. Nd6 Ra8 30. Nf5 a4 31. Ne7+ Kf8 32. Nc6 axb3 33. axb3 Ra2+ 34.
Kd1 Ba3 35. Rc5 Rxf2 36. Rc4 Rd2+ 37. Ke1 Rb2 38. Nxb4 Bxb4 39. Rxb4 Rb1+ 40.
Ke2 c2 0-1

[Event "XLI Rilton Cup 2011-12"]
[Site "Stockholm SWE"]
[Date "2012.01.05"]
[Round "9"]
[White "Holving, Rasmus"]
[Black "Hansson, Fredrik"]
[Result "0-1"]
[WhiteElo "2221"]
[BlackElo "1985"]
[WhiteFideId "1703145"]
[BlackFideId "1713256"]
[EventDate "2011.12.27"]

1. e4 e5 2. Nf3 Nc6 3. c3 d5 4. Qa4 f6 5. Bb5 Ne7 6. exd5 Qxd5 7. d4 Bg4 8. Nbd2
exd4 9. O-O O-O-O 10. cxd4 Nxd4 11. Nxd4 Qxd4 12. Bc4 Bd7 13. Qc2 Bc6 14. Re1
Kb8 15. Be6 Qd3 16. Qxd3 Rxd3 17. Nb3 b6 18. Be3 g6 19. Nd4 Bd5 20. Bg4 Nc6 21.
Ne2 Bf7 22. Rec1 Ne5 23. Bh3 Be7 24. g3 Rhd8 25. Nf4 R3d6 26. Bf1 g5 27. Nh3 Bd5
28. Bg2 Nf3+ 29. Kh1 c5 30. Rd1 Bb7 31. Rxd6 Rxd6 32. Ng1 Nxg1 33. Kxg1 Bxg2 34.
Kxg2 Kb7 35. Kf3 f5 36. h4 g4+ 37. Kf4 Rd5 0-1

[Event "XLI Rilton Cup 2011-12"]
[Site "Stockholm SWE"]
[Date "2012.01.05"]
[Round "9"]
[White "Evertsson, Lennart"]
[Black "Frisk, Ellinor"]
[Result "1-0"]
[BlackTitle "WFM"]
[WhiteElo "2130"]
[BlackElo "2184"]
[WhiteFideId "1705156"]
[BlackFideId "1708481"]
[EventDate "2011.12.27"]

1. d4 d5 2. Nc3 Nf6 3. Bg5 Nbd7 4. f3 e6 5. e4 Be7 6. Qd2 O-O 7. e5 Ne8 8. h4 c5
9. Bxe7 Qxe7 10. f4 cxd4 11. Qxd4 Qc5 12. Nf3 f6 13. O-O-O Qxd4 14. Rxd4 Nb8 15.
h5 Nc6 16. Rd2 Bd7 17. Bd3 Nc7 18. a3 Rac8 19. Kb1 b5 20. Ne2 b4 21. a4 Rb8 22.
b3 a5 23. Kb2 Rb6 24. Ned4 Nxd4 25. Nxd4 Bc8 26. Rc1 Ba6 27. g3 Rf7 28. Re2 Kf8
29. h6 gxh6 30. Rh2 fxe5 31. fxe5 Rg7 32. Rxh6 Rxg3 33. Rxh7 Ne8 34. Rh8+ Ke7
35. Bb5 Bxb5 36. axb5 Rg5 37. Ra1 Rxe5 38. Rxa5 Re4 39. Nc6+ Kd7 40. Ra7+ Kd6
41. Rxe8 Rxb5 42. Ra6 Kc5 43. Nd8 Rb8 44. Nxe6+ Kb5 45. Nc7+ 1-0